000
00290nam a2200121Ia 4500
005
20251222141843.0
008
251222s9999||||xx |||||||||||||| ||spa||
082
_a
515.3/G78
100
_a
Grandville, Anthony William
245
0
_a
Cálculo Integral:
264
_b
San Marcos
942
_c
LIB
999
_c
7495
_d
7495